书目信息 |
| 题名: |
MatLab工程数学应用
|
|
| 作者: | 许波 , 刘征 编著 | |
| 分册: | ||
| 出版信息: | 北京 清华大学出版社 2000.04 |
|
| 页数: | 451页 | |
| 开本: | 26cm | |
| 丛书名: | ||
| 单 册: | ||
| 中图分类: | TP391.41 | |
| 科图分类: | ||
| 主题词: | 计算机应用 | |
| 电子资源: | ||
| ISBN: | 7-302-01178-8 | |
| 000 | 00611nam0 2200205 45 | |
| 001 | 0233247221 | |
| 005 | 2002110509140722 | |
| 010 | @a7-302-01178-8@b压膜@dRMB 39.80 | |
| 100 | @a20021105d2000 km y0chiy0120 ea | |
| 101 | 0 | @achi |
| 102 | @aCN@b110000 | |
| 200 | 1 | @aMatLab工程数学应用@AMatLab gong cheng shu xue ying yong@f许波,刘征编著@Fxu bo,liu zheng bian zhu |
| 210 | @a北京@c清华大学出版社@d2000.04 | |
| 215 | @a451页@d26cm | |
| 606 | 0 | @a计算机应用 |
| 690 | @aTP391.41@v3 | |
| 701 | 0 | @a许波@Axu bo@4编著 |
| 701 | 0 | @a刘征@Aliu zheng@4编著 |
| 801 | 0 | @aCN@bPFT@c20021105 |
| 905 | @a10447@dTP391.41@eX856 | |
| MatLab工程数学应用/许波,刘征编著.-北京:清华大学出版社,2000.04 |
| 451页;26cm |
| ISBN 7-302-01178-8(压膜):RMB 39.80 |
| ● |
| 相关链接 |
|
|
|
正题名:MatLab工程数学应用
索取号:TP391.41/X856
 
预约/预借
| 序号 | 登录号 | 条形码 | 馆藏地/架位号 | 状态 | 备注 |
| 1 | 359620 | 203596206 | 期刊室512/301自科库 65排5列1层/ [索取号:TP391.41/X856] | 在馆 | |
| 2 | 359621 | 203596215 | 自科库301/301自科库 98排2列3层/ [索取号:TP391.41/X856] | 在馆 |